000 00614nam a2200241Ia 4500
003 OSt
005 20220918223839.0
006 a|||||r|||| 00| 0
007 ta
008 220917b |||||||| |||| 00| 0 eng d
024 _a225,413
037 _cTextual
040 _aARTS
_cARTS
_beng
041 _2eng
_aeng
082 _aX:3M24xM18.41, P3
100 _aChan Adrian
_9146780
245 0 _aChinese marxism
260 _aLondon
_bContinuum
_c2003
300 _a218p
_ccm.
650 _aECONOMICS
942 _hX:3M24xM18.41, P3
_cTEXL
_2CC
999 _c279595
_d279595